Niên giám 1998 /
Những thông tin về tổ chức và hoạt động của Chính phủ trong năm 1998; Giới thiệu hệ thống tổ chức của Chính phủ, tình hình hoạt động trên các mặt chính trị, kinh tế,... các văn bản quy phạm pháp luật...
Wedi'i Gadw mewn:
| Awdur Corfforaethol: | |
|---|---|
| Fformat: | Llyfr |
| Iaith: | Vietnamese |
| Cyhoeddwyd: |
Hà Nội :
Chính trị quốc gia,
1999.
|
| Pynciau: | |
| Tagiau: |
Ychwanegu Tag
Dim Tagiau, Byddwch y cyntaf i dagio'r cofnod hwn!
|
| Thư viện lưu trữ: | Mạng thư viện Đại học Đà Nẵng |
|---|
| LEADER | 01149cam a2200349 i 4500 | ||
|---|---|---|---|
| 001 | 000042453 | ||
| 003 | 327 | ||
| 005 | 20041029160237.0 | ||
| 008 | 010217b1999 vm 000 vie | ||
| 020 | |c 265000 | ||
| 022 | |a T | ||
| 040 | |a IRC |c IRC |d IRC | ||
| 041 | 0 | |a vie | |
| 082 | 1 | 4 | |a 351 |b CHI |
| 110 | 2 | |a Chính phủ nước CHXHCNVN. | |
| 245 | 1 | 0 | |a Niên giám 1998 / |c Chính phủ nước CHXHCNVN. |
| 260 | |a Hà Nội : |b Chính trị quốc gia, |c 1999. | ||
| 300 | |a 1099 tr. ; |c 27 cm. | ||
| 520 | 3 | |a Những thông tin về tổ chức và hoạt động của Chính phủ trong năm 1998; Giới thiệu hệ thống tổ chức của Chính phủ, tình hình hoạt động trên các mặt chính trị, kinh tế,... các văn bản quy phạm pháp luật... | |
| 630 | 0 | 4 | |a Niên giám. |
| 650 | 0 | 4 | |a Niên giám |x Chính phủ |y 1998. |
| 650 | 0 | 4 | |a Chính phủ |z Việt Nam |y 1998. |
| OWN | |a DUT | ||
| 999 | |a From the UDN01 | ||
| TYP | |a Monograph | ||
| TYP | |a Printed language | ||
| 980 | |a Mạng thư viện Đại học Đà Nẵng | ||